<?xml version="1.0" encoding="UTF-8"?>
<record
    xmlns:xsi="http://www.w3.org/2001/XMLSchema-instance"
    xsi:schemaLocation="http://www.loc.gov/MARC21/slim http://www.loc.gov/standards/marcxml/schema/MARC21slim.xsd"
    xmlns="http://www.loc.gov/MARC21/slim">

  <leader>03643cam a2200349 i 4500</leader>
  <controlfield tag="001">991106127669806196</controlfield>
  <controlfield tag="005">20250828082530.0</controlfield>
  <controlfield tag="008">180302t20182018enka     b    001 0 eng  </controlfield>
  <datafield tag="010" ind1=" " ind2=" ">
    <subfield code="a">2017061576</subfield>
  </datafield>
  <datafield tag="020" ind1=" " ind2=" ">
    <subfield code="a">9781108431859</subfield>
  </datafield>
  <datafield tag="020" ind1=" " ind2=" ">
    <subfield code="a">9781108421355</subfield>
    <subfield code="q">hardcover ;</subfield>
    <subfield code="q">alkaline paper</subfield>
  </datafield>
  <datafield tag="035" ind1=" " ind2=" ">
    <subfield code="a">(UTL)12791050-01utoronto_inst</subfield>
  </datafield>
  <datafield tag="035" ind1=" " ind2=" ">
    <subfield code="a">(SIRSI)12791050</subfield>
  </datafield>
  <datafield tag="035" ind1=" " ind2=" ">
    <subfield code="a">(OCoLC)1027730999</subfield>
  </datafield>
  <datafield tag="040" ind1=" " ind2=" ">
    <subfield code="a">DLC</subfield>
    <subfield code="b">eng</subfield>
    <subfield code="e">rda</subfield>
    <subfield code="c">DLC</subfield>
    <subfield code="d">OCLCO</subfield>
    <subfield code="d">OCLCF</subfield>
    <subfield code="d">YDX</subfield>
    <subfield code="d">OCLCQ</subfield>
    <subfield code="d">ERASA</subfield>
    <subfield code="d">UKMGB</subfield>
    <subfield code="d">YDX</subfield>
    <subfield code="d">DRB</subfield>
    <subfield code="d">VA@</subfield>
    <subfield code="d">GRG</subfield>
    <subfield code="d">ZIF</subfield>
  </datafield>
  <datafield tag="041" ind1=" " ind2=" ">
    <subfield code="a">English</subfield>
  </datafield>
  <datafield tag="042" ind1=" " ind2=" ">
    <subfield code="a">pcc</subfield>
  </datafield>
  <datafield tag="050" ind1="0" ind2="0">
    <subfield code="a">HG4027.6</subfield>
    <subfield code="b">.E58 2018</subfield>
  </datafield>
  <datafield tag="245" ind1="0" ind2="0">
    <subfield code="a">Entrepreneurial finance </subfield>
    <subfield code="b">: the art and science of growing ventures </subfield>
    <subfield code="c">/ [edited by] Luisa Alemany, ESADE Business School, Job J. Andreoli, Nyenrode Business University.</subfield>
  </datafield>
  <datafield tag="264" ind1=" " ind2="1">
    <subfield code="a">Cambridge, United Kingdom ;</subfield>
    <subfield code="a">New York, NY :</subfield>
    <subfield code="b">Cambridge University Press,</subfield>
    <subfield code="c">2018.</subfield>
  </datafield>
  <datafield tag="300" ind1=" " ind2=" ">
    <subfield code="a">xxiv, 621 pages ;</subfield>
    <subfield code="c">26 cm</subfield>
  </datafield>
  <datafield tag="504" ind1=" " ind2=" ">
    <subfield code="a">Includes bibliographical references and index.</subfield>
  </datafield>
  <datafield tag="505" ind1=" " ind2=" ">
    <subfield code="g">Part I - Funding Sources &#x2014; Introduction to Entrepreneurial Finance &#x2014; Early Sources of Funding (1): Incubators, Accelerators and Crowdfunding &#x2014; Early Sources of Funding (2): Business Angels &#x2014; Venture Capital, Private Equity and Corporate Venture Capital &#x2014; Public Sources of Funding &#x2014; Part II - Funding Process &#x2014; Deal Sourcing and Screening &#x2014; Preparing the Financial Plan: Forecasting &#x2014; Valuation of New Ventures &#x2014; The Term Sheet and Negotiating with Investors &#x2014; Part III - Growing the Venture &#x2014; Monitoring Tactics and Key Metrics &#x2014; Corporate Governance &#x2014; Managing your Intellectual Property &#x2014; Part IV - Alternative Routes to Entrepreneurship &#x2014; Entrepreneurship through Acquisition (1): MBOS and MBIS &#x2014; Entrepreneurship through Acquisition (2): &#x2018;Searchers&#x2019; &#x2014; Turnarounds, Workouts and Other Restructuring: Reinventing Value &#x2014; Impact Investing: Financing Social Entrepreneurs &#x2014; Part V - Harvesting and the Future of Entrepreneurial Finance &#x2014; Harvesting: The Exit &#x2014; The Future of Entrepreneurial Finance &#x2014; Appendix 1 - Examples of Public Support for Entrepreneurship in Europe &#x2014; Appendix 2 - Typical Business Angel Term Sheet Clauses &#x2014; Appendix 3 - General Term Sheet &#x2014; Appendix 4 - Angel Term Sheet &#x2014; Appendix 5 - Measuring and Managing Impact &#x2014; Index</subfield>
  </datafield>
  <datafield tag="520" ind1="8" ind2=" ">
    <subfield code="a">Academics and practitioners from a range of institutions across Europe provide a cutting-edge, practical, and comprehensive review on the financing of entrepreneurial ventures. From sourcing and obtaining funds, to financial tools for growing and managing the financial challenges and opportunities of the startup, Entrepreneurial Finance: The Art and Science of Growing Ventures is an engaging text that will equip entrepreneurs, students and early-stage investors to make sound financial decisions at every stage of a business' life. Largely reflecting European businesses and with a European perspective, the text is grounded in sound theoretical foundations. Case studies and success stories, as well as perspectives from the media and from experts, provide real-world applications, while a wealth of activities give students abundant opportunities to apply what they have learned. A must-have text for both graduate and undergraduate students in entrepreneurship, finance and management programs, as well as aspiring entrepreneurs in any field.</subfield>
  </datafield>
  <datafield tag="650" ind1=" " ind2="0">
    <subfield code="a">New business enterprises</subfield>
    <subfield code="x">Finance</subfield>
    <subfield code="9">8249</subfield>
  </datafield>
  <datafield tag="650" ind1=" " ind2="0">
    <subfield code="a">Small business</subfield>
    <subfield code="x">Finance</subfield>
    <subfield code="9">8248</subfield>
  </datafield>
  <datafield tag="650" ind1=" " ind2="0">
    <subfield code="a">Venture capital</subfield>
    <subfield code="9">8246</subfield>
  </datafield>
  <datafield tag="650" ind1=" " ind2="0">
    <subfield code="a">Entrepreneurship</subfield>
    <subfield code="9">570</subfield>
  </datafield>
  <datafield tag="700" ind1=" " ind2=" ">
    <subfield code="a">Alemany, Luisa,</subfield>
    <subfield code="e">editor.</subfield>
    <subfield code="9">25819</subfield>
  </datafield>
  <datafield tag="700" ind1=" " ind2=" ">
    <subfield code="a">Andreoli, Job,</subfield>
    <subfield code="e">editor.</subfield>
    <subfield code="9">25820</subfield>
  </datafield>
  <datafield tag="942" ind1=" " ind2=" ">
    <subfield code="2">lcc</subfield>
  </datafield>
  <datafield tag="952" ind1=" " ind2=" ">
    <subfield code="0">0</subfield>
    <subfield code="1">0</subfield>
    <subfield code="2">lcc</subfield>
    <subfield code="4">0</subfield>
    <subfield code="7">0</subfield>
    <subfield code="a">TBS</subfield>
    <subfield code="b">TBS</subfield>
    <subfield code="d">2025-08-28</subfield>
    <subfield code="l">0</subfield>
    <subfield code="o">HG4027.6 ALE</subfield>
    <subfield code="p">B05694</subfield>
    <subfield code="r">2025-08-28</subfield>
    <subfield code="t">1</subfield>
    <subfield code="w">2025-08-28</subfield>
    <subfield code="y">1</subfield>
  </datafield>
  <datafield tag="999" ind1=" " ind2=" ">
    <subfield code="c">4891</subfield>
    <subfield code="d">4891</subfield>
  </datafield>
</record>
